[Event "Terme Krka OPEN 2018"]
[Site "Otočec, Slovenia"]
[Date "2018.12.26"]
[Round "4.11"]
[White "Siraj, Anej"]
[Black "Bedic, Slavko"]
[Result "1/2-1/2"]
[WhiteElo "1997"]
[BlackElo "1858"]

1. d4 {[%clk 01:30:57]} {[%emt 00:00:03]} Nf6 {[%clk 01:30:41]} {[%emt
00:00:15]} 2. Nf3 {[%clk 01:31:23]} {[%emt 00:00:07]} d5 {[%clk 01:30:17]}
{[%emt 00:00:52]} 3. Bf4 {[%clk 01:31:47]} {[%emt 00:00:04]} e6 {[%clk
01:29:38]} {[%emt 00:01:09]} 4. e3 {[%clk 01:31:38]} {[%emt 00:00:45]} c5
{[%clk 01:29:14]} {[%emt 00:00:49]} 5. Nbd2 {[%clk 01:31:59]} {[%emt 00:02:16]}
Nc6 {[%clk 01:28:24]} 6. c3 {[%clk 01:32:20]} Nh5 {[%clk 01:26:49]} {[%emt
00:01:27]} 7. Bg5 {[%clk 01:31:54]} {[%emt 00:00:55]} Qb6 {[%clk 01:25:41]}
{[%emt 00:01:44]} 8. Rb1 {[%clk 01:30:28]} {[%emt 00:01:51]} h6 {[%clk
01:22:09]} {[%emt 00:04:08]} 9. Bh4 {[%clk 01:30:38]} {[%emt 00:01:03]} g5
{[%clk 01:21:58]} 10. Ne5 {[%clk 01:24:09]} {[%emt 00:06:52]} Ng7 {[%clk
01:20:55]} {[%emt 00:01:34]} 11. Bg3 {[%clk 01:24:19]} {[%emt 00:00:17]} Be7
{[%clk 01:08:22]} {[%emt 00:13:15]} 12. Bd3 {[%clk 01:20:08]} {[%emt 00:04:29]}
Bd7 {[%clk 01:06:18]} {[%emt 00:02:36]} 13. Qf3 {[%clk 01:18:04]} {[%emt
00:02:36]} Nxe5 {[%clk 01:05:22]} {[%emt 00:01:22]} 14. Bxe5 {[%clk 01:18:14]}
{[%emt 00:00:28]} O-O {[%clk 01:03:24]} {[%emt 00:02:21]} 15. dxc5 {[%clk
01:13:58]} {[%emt 00:04:44]} Qxc5 {[%clk 01:00:18]} {[%emt 00:03:41]} 16. Qh3
{[%clk 01:12:40]} {[%emt 00:01:42]} h5 {[%clk 00:59:12]} {[%emt 00:02:22]} 17.
Bxg7 {[%clk 01:13:05]} Kxg7 {[%clk 00:59:39]} 18. Qxh5 {[%clk 01:13:21]} Rh8
{[%clk 00:59:51]} 19. Qg4 {[%clk 01:10:30]} {[%emt 00:03:15]} f5 {[%clk
00:55:11]} {[%emt 00:05:09]} 20. Qd4+ {[%clk 01:10:24]} {[%emt 00:00:40]} Qxd4
{[%clk 00:54:48]} {[%emt 00:00:49]} 21. cxd4 {[%clk 01:10:13]} {[%emt
00:00:42]} Bd6 {[%clk 00:54:16]} {[%emt 00:01:06]} 22. h3 {[%clk 01:09:46]}
{[%emt 00:00:55]} g4 {[%clk 00:53:54]} {[%emt 00:00:50]} 23. Ke2 {[%clk
01:09:56]} {[%emt 00:00:21]} gxh3 {[%clk 00:53:10]} {[%emt 00:01:17]} 24. gxh3
{[%clk 01:10:20]} {[%emt 00:00:09]} Kf6 {[%clk 00:52:24]} {[%emt 00:01:08]} 25.
f4 {[%clk 01:09:02]} {[%emt 00:01:48]} Rag8 {[%clk 00:52:04]} {[%emt 00:00:53]}
26. Kf2 {[%clk 01:08:44]} Be8 {[%clk 00:52:04]} 27. Nf3 {[%clk 01:08:44]} Bh5
{[%clk 00:52:04]} 28. Ng5 {[%emt 00:10:31]} e5 {[%clk 00:45:51]} 29. dxe5+
{[%clk 01:05:44]} {[%emt 00:02:33]} Bxe5 {[%clk 00:46:14]} {[%emt 00:00:11]} 30.
Nf3 {[%clk 00:54:11]} {[%emt 00:11:52]} Bd6 {[%clk 00:45:41]} {[%emt 00:01:06]}
31. Nd4 {[%clk 00:54:31]} {[%emt 00:00:10]} Bg6 {[%clk 00:45:33]} {[%emt
00:00:35]} 32. Rbg1 {[%clk 00:51:42]} {[%emt 00:03:13]} Bc5 {[%clk 00:43:09]}
{[%emt 00:03:01]} 33. Rg5 {[%clk 00:50:27]} {[%emt 00:01:45]} Bxd4 {[%clk
00:39:43]} {[%emt 00:03:55]} 34. exd4 {[%clk 00:50:51]} {[%emt 00:00:06]} Re8
{[%clk 00:38:22]} {[%emt 00:01:50]} 35. Rhg1 {[%clk 00:50:56]} {[%emt
00:00:26]} Rh6 {[%clk 00:38:44]} {[%emt 00:00:08]} 36. h4 {[%clk 00:50:16]}
{[%emt 00:01:09]} Bh7 {[%clk 00:38:36]} {[%emt 00:00:39]} 37. h5 {[%clk
00:50:30]} {[%emt 00:00:15]} Rd8 {[%clk 00:35:24]} {[%emt 00:03:43]} 38. Rc1
{[%clk 00:49:49]} {[%emt 00:01:14]} Rg8 {[%clk 00:35:19]} {[%emt 00:00:36]} 39.
Rcg1 {[%clk 00:46:27]} {[%emt 00:03:47]} Re8 {[%clk 00:34:06]} {[%emt
00:01:29]} 40. Re1 {[%clk 00:35:54]} {[%emt 00:11:21]} Rg8 {[%clk 00:31:44]}
{[%emt 00:02:49]} 41. Bxf5 {[%clk 00:35:18]} {[%emt 00:01:07]} Rxg5 {[%clk
00:31:33]} {[%emt 00:00:39]} 42. fxg5+ {[%clk 00:35:37]} {[%emt 00:00:13]} Kxg5
{[%clk 00:31:50]} {[%emt 00:00:11]} 43. Bxh7 {[%clk 00:35:58]} {[%emt
00:00:14]} Rxh7 {[%clk 00:32:14]} {[%emt 00:00:05]} 44. Re5+ {[%clk 00:35:58]}
{[%emt 00:00:27]} Kf4 {[%clk 00:32:41]} {[%emt 00:00:06]} 45. Rxd5 {[%clk
00:36:18]} {[%emt 00:00:06]} Ke4 {[%clk 00:31:38]} {[%emt 00:01:36]} 46. Rg5
{[%clk 00:36:24]} {[%emt 00:00:23]} Kxd4 {[%clk 00:31:38]} {[%emt 00:00:29]} 47.
Kf3 {[%clk 00:36:17]} {[%emt 00:00:37]} Rf7+ {[%emt 00:06:11]} 48. Kg4 {[%emt
00:01:08]} Rf2 {[%clk 00:24:16]} {[%emt 00:00:37]} 49. h6 {[%clk 00:36:26]}
{[%emt 00:00:17]} Rxb2 {[%clk 00:23:39]} {[%emt 00:01:12]} 50. h7 {[%clk
00:36:48]} {[%emt 00:00:07]} Rg2 {[%clk 00:21:25]} {[%emt 00:02:40]} 51. Kh5
{[%clk 00:36:18]} {[%emt 00:01:00]} Rh2+ {[%clk 00:21:00]} {[%emt 00:00:55]} 52.
Kg6 {[%clk 00:36:43]} {[%emt 00:00:06]} Rxh7 {[%clk 00:21:08]} {[%emt
00:00:22]} 53. Kxh7 {[%clk 00:37:07]} {[%emt 00:00:06]} a6 {[%clk 00:21:34]}
{[%emt 00:00:07]} 54. a4 {[%clk 00:36:42]} {[%emt 00:00:53]} b6 {[%clk
00:21:49]} {[%emt 00:00:14]} 55. Kg6 {[%clk 00:36:14]} {[%emt 00:00:58]} Kc4
{[%clk 00:22:13]} {[%emt 00:00:06]} 56. Kf5 {[%clk 00:36:28]} {[%emt 00:00:15]}
b5 {[%clk 00:22:19]} {[%emt 00:00:25]} 57. axb5 {[%clk 00:36:49]} {[%emt
00:00:10]} axb5 {[%clk 00:22:36]} {[%emt 00:00:12]} 58. Ke4 {[%clk 00:37:13]}
{[%emt 00:00:07]} b4 {[%clk 00:23:03]} {[%emt 00:00:04]} 59. Rg8 {[%clk
00:37:23]} {[%emt 00:00:18]} Kc3 {[%clk 00:23:21]} {[%emt 00:00:13]} 60. Rc8+
{[%clk 00:37:16]} {[%emt 00:00:36]} Kd2 {[%clk 00:23:08]} {[%emt 00:00:44]} 61.
Rd8+ {[%clk 00:36:29]} {[%emt 00:01:21]} Kc2 {[%clk 00:23:29]} {[%emt
00:00:06]} 62. Kd4 {[%clk 00:27:42]} {[%emt 00:09:14]} b3 {[%clk 00:22:31]}
{[%emt 00:01:29]} 63. Rc8+ {[%clk 00:28:09]} {[%emt 00:00:06]} Kd2 {[%clk
00:22:06]} {[%emt 00:00:52]} 64. Rh8 {[%clk 00:28:11]} {[%emt 00:00:27]} b2
{[%clk 00:21:42]} {[%emt 00:00:57]} 65. Rh2+ {[%clk 00:28:37]} {[%emt
00:00:04]} Kc1 {[%clk 00:21:37]} {[%emt 00:00:38]} 66. Kc3 {[%clk 00:28:55]}
{[%emt 00:00:13]} b1=N+ {[%clk 00:21:49]} {[%emt 00:00:11]} 67. Kd3 {[%clk
00:28:55]} {[%emt 00:00:31]} Na3 {[%clk 00:21:26]} {[%emt 00:00:52]} 68. Ra2
{[%clk 00:29:15]} {[%emt 00:00:12]} Nb1 {[%clk 00:20:31]} {[%emt 00:01:21]} 69.
Rc2+ {[%clk 00:29:37]} {[%emt 00:00:10]} Kd1 {[%clk 00:20:48]} {[%emt
00:00:13]} 70. Rc8 {[%clk 00:29:46]} {[%emt 00:00:21]} Nd2 {[%clk 00:20:00]}
{[%emt 00:01:16]} 71. Rh8 {[%clk 00:29:21]} {[%emt 00:00:56]} Nf1 {[%clk
00:20:11]} {[%emt 00:00:19]} 72. Ra8 {[%clk 00:28:57]} {[%emt 00:00:54]} Ke1
{[%clk 00:20:27]} {[%emt 00:00:14]} 73. Ra2 {[%clk 00:29:14]} {[%emt 00:00:13]}
Ng3 {[%clk 00:19:08]} {[%emt 00:01:50]} 74. Rg2 {[%clk 00:28:54]} {[%emt
00:00:49]} Nf1 {[%clk 00:19:19]} {[%emt 00:00:19]} 75. Ke4 {[%clk 00:28:06]}
{[%emt 00:01:17]} Nd2+ {[%clk 00:19:27]} {[%emt 00:00:28]} 76. Ke3 {[%clk
00:28:20]} {[%emt 00:00:10]} Nc4+ {[%clk 00:18:52]} {[%emt 00:01:06]} 77. Kd4
{[%clk 00:27:28]} {[%emt 00:01:21]} Nd2 {[%clk 00:18:32]} {[%emt 00:00:51]} 78.
Kc3 {[%clk 00:27:43]} {[%emt 00:00:14]} Ne4+ {[%clk 00:18:18]} {[%emt
00:00:46]} 79. Kd3 {[%clk 00:26:51]} {[%emt 00:01:22]} Nf2+ {[%clk 00:18:07]}
{[%emt 00:00:42]} 80. Ke3 {[%clk 00:27:14]} {[%emt 00:00:05]} Nd1+ {[%clk
00:17:56]} {[%emt 00:01:02]} 81. Kf3 {[%clk 00:27:34]} {[%emt 00:01:01]} Nc3
{[%clk 00:17:48]} {[%emt 00:01:00]} 82. Rc2 {[%clk 00:24:21]} {[%emt 00:02:09]}
Nd1 {[%clk 00:17:41]} {[%emt 00:00:39]} 83. Re2+ {[%clk 00:24:40]} {[%emt
00:00:08]} Kf1 {[%clk 00:17:58]} {[%emt 00:00:15]} 84. Re8 {[%clk 00:24:17]}
{[%emt 00:00:52]} Nf2 {[%clk 00:17:19]} {[%emt 00:01:10]} 85. Rh8 {[%clk
00:23:23]} {[%emt 00:01:22]} Ke1 {[%clk 00:17:17]} {[%emt 00:00:37]} 86. Re8+
{[%clk 00:20:22]} {[%emt 00:03:26]} Kf1 {[%clk 00:17:04]} {[%emt 00:00:44]} 87.
Re7 {[%clk 00:20:10]} {[%emt 00:00:43]} Nd1 {[%clk 00:16:39]} {[%emt 00:00:54]}
88. Re2 {[%clk 00:18:59]} {[%emt 00:01:40]} Nc3 {[%clk 00:16:57]} {[%emt
00:00:12]} 89. Rh2 {[%clk 00:18:50]} {[%emt 00:00:40]} Ke1 {[%clk 00:17:11]}
{[%emt 00:00:16]} 90. Rc2 {[%clk 00:17:40]} {[%emt 00:01:39]} Nd1 {[%clk
00:17:12]} {[%emt 00:00:30]} 91. Ra2 {[%clk 00:17:36]} {[%emt 00:00:35]} Nc3
{[%clk 00:17:27]} {[%emt 00:00:14]} 92. Rc2 {[%clk 00:17:30]} {[%emt 00:00:36]}
Nd1 {[%clk 00:17:46]} {[%emt 00:00:11]} 93. Ke4 {[%clk 00:17:49]} {[%emt
00:00:10]} Nf2+ {[%clk 00:18:05]} {[%emt 00:03:19]} 94. Kd4 {[%clk 00:17:59]}
Ng4 {[%clk 00:17:59]} 95. Kc3 {[%clk 00:18:01]} Nf2 {[%clk 00:18:20]} 96. Ra2
{[%clk 00:18:23]} Ne4+ {[%clk 00:18:34]} 97. Kd3 {[%clk 00:17:51]} {[%emt
00:01:00]} Nf2+ {[%clk 00:18:57]} 98. Ke3 {[%clk 00:18:18]} {[%emt 00:03:15]}
Nd1+ {[%clk 00:19:16]} 99. Kf3 {[%clk 00:18:43]} Nc3 {[%clk 00:19:37]} 100. Rb2
{[%clk 00:19:01]} Kd1 {[%clk 00:19:47]} 101. Ke3 {[%clk 00:18:53]} {[%emt
00:00:05]} Kc1 {[%clk 00:20:10]} 102. Rh2 {[%clk 00:19:03]} Nd1+ {[%clk
00:20:33]} 103. Ke2 {[%clk 00:19:22]} Nb2 {[%clk 00:20:44]} 104. Ke1 {[%clk
00:19:48]} {[%emt 00:00:05]} Nd3 {[%clk 00:20:48]} 105. Kf1 {[%clk 00:20:15]}
Kd1 {[%clk 00:20:42]} 106. Ra2 {[%clk 00:20:34]} Nc1 {[%clk 00:20:54]} {[%emt
00:01:36]} 107. Ra1 {[%clk 00:20:57]} Kd2 {[%clk 00:21:15]} 108. Rb1 {[%clk
00:21:22]} Kc2 {[%clk 00:21:12]} 109. Ra1 {[%clk 00:21:47]} Kd2 {[%clk
00:21:31]} 110. Ra8 {[%clk 00:22:14]} Nd3 {[%clk 00:21:42]} 111. Rd8 {[%clk
00:22:40]} Ke3 {[%clk 00:21:56]} {[%emt 00:00:10]} 112. Ra8 {[%clk 00:23:02]}
{[%emt 00:00:09]} Kd2 {[%clk 00:22:03]} {[%emt 00:00:22]} 113. Ra2+ {[%clk
00:23:21]} {[%emt 00:00:14]} Ke3 {[%clk 00:22:18]} {[%emt 00:00:12]} 114. Re2+
{[%clk 00:23:46]} {[%emt 00:00:07]} Kf3 {[%clk 00:22:28]} {[%emt 00:00:18]} 115.
Re8 {[%clk 00:24:06]} {[%emt 00:00:10]} Nf4 {[%clk 00:22:44]} {[%emt 00:00:13]}
116. Re7 {[%clk 00:24:21]} {[%emt 00:00:15]} Nd3 {[%clk 00:22:59]} {[%emt
00:00:16]} 1/2-1/2

[Event "Terme Krka OPEN 2018"]
[Site "Otočec, Slovenia"]
[Date "2018.12.26"]
[Round "4.12"]
[White "Danculovic, Jovica"]
[Black "Kaluza, Dominik"]
[Result "1-0"]
[WhiteElo "1854"]
[BlackElo "1523"]

1. e4 {[%clk 01:30:59]} c6 {[%clk 01:30:36]} {[%emt 00:00:05]} 2. d4 {[%clk
01:31:20]} {[%emt 00:00:36]} d5 {[%clk 01:30:59]} {[%emt 00:00:07]} 3. e5
{[%clk 01:31:39]} Bf5 {[%clk 01:31:04]} {[%emt 00:00:18]} 4. Bd3 {[%clk
01:32:00]} {[%emt 00:00:06]} Bg6 {[%clk 01:31:00]} {[%emt 00:00:26]} 5. e6
{[%clk 01:32:23]} {[%emt 00:00:38]} Qd6 {[%clk 01:30:39]} {[%emt 00:00:21]} 6.
exf7+ {[%clk 01:32:28]} {[%emt 00:00:30]} Bxf7 {[%clk 01:30:59]} {[%emt
00:00:10]} 7. Nf3 {[%clk 01:31:20]} {[%emt 00:01:31]} Nd7 {[%clk 01:29:07]}
{[%emt 00:03:13]} 8. O-O {[%clk 01:28:19]} {[%emt 00:03:14]} Ngf6 {[%clk
01:27:46]} {[%emt 00:01:20]} 9. Re1 {[%clk 01:27:03]} {[%emt 00:01:44]} O-O-O
{[%clk 01:26:16]} {[%emt 00:02:50]} 10. Ne5 {[%clk 01:26:41]} {[%emt 00:00:03]}
Be8 {[%clk 01:24:28]} {[%emt 00:02:57]} 11. f4 {[%clk 01:23:37]} {[%emt
00:02:56]} g6 {[%clk 01:21:36]} {[%emt 00:03:24]} 12. Nd2 {[%clk 01:22:31]}
{[%emt 00:01:51]} Bg7 {[%clk 01:20:24]} {[%emt 00:01:24]} 13. Ndf3 {[%clk
01:22:42]} {[%emt 00:00:24]} Qc7 {[%clk 01:15:06]} {[%emt 00:05:42]} 14. Ng5
{[%clk 01:21:16]} {[%emt 00:01:57]} Nf8 {[%clk 01:14:24]} {[%emt 00:01:12]} 15.
Ngf7 {[%clk 01:20:57]} {[%emt 00:00:46]} Bxf7 {[%clk 01:14:46]} {[%emt
00:00:43]} 16. Nxf7 {[%clk 01:21:14]} {[%emt 00:00:04]} Nh5 {[%clk 01:14:38]}
{[%emt 00:00:30]} 17. c3 {[%clk 01:15:37]} {[%emt 00:05:50]} Nxf4 {[%emt
00:02:37]} 18. Bxf4 {[%clk 01:12:06]} {[%emt 00:03:48]} Qxf4 {[%clk 01:12:23]}
{[%emt 00:00:51]} 19. Nxh8 {[%clk 01:11:44]} {[%emt 00:00:53]} Bxh8 {[%clk
01:12:43]} {[%emt 00:00:14]} 20. Rxe7 {[%clk 01:11:53]} {[%emt 00:00:40]} Rd7
{[%clk 01:12:24]} {[%emt 00:00:34]} 21. Rxd7 {[%clk 01:11:41]} {[%emt
00:00:33]} Kxd7 {[%clk 01:12:49]} {[%emt 00:00:35]} 22. Qe2 {[%clk 01:11:38]}
{[%emt 00:00:05]} Qf7 {[%clk 01:12:03]} {[%emt 00:01:16]} 23. Rf1 {[%clk
01:11:49]} {[%emt 00:00:38]} Qe7 {[%clk 01:12:05]} {[%emt 00:00:08]} 24. Qxe7+
{[%clk 01:11:12]} {[%emt 00:01:07]} Kxe7 {[%clk 01:12:18]} {[%emt 00:00:40]} 25.
Kf2 {[%clk 01:08:29]} {[%emt 00:02:48]} Bg7 {[%clk 01:12:31]} {[%emt 00:00:19]}
26. Re1+ {[%clk 01:06:40]} {[%emt 00:02:19]} Kd7 {[%clk 01:12:56]} {[%emt
00:00:39]} 27. Be2 {[%clk 01:06:22]} {[%emt 00:00:13]} Kd8 {[%clk 01:12:58]}
{[%emt 00:00:31]} 28. Bg4 {[%clk 01:06:37]} {[%emt 00:00:11]} Bf6 {[%clk
01:12:57]} {[%emt 00:00:46]} 29. g3 {[%clk 01:06:52]} {[%emt 00:00:16]} Be7
{[%clk 01:12:36]} {[%emt 00:00:39]} 30. Bc8 {[%clk 01:00:48]} {[%emt 00:07:15]}
Kxc8 {[%clk 01:12:02]} {[%emt 00:00:24]} 31. Rxe7 {[%clk 01:01:14]} {[%emt
00:00:04]} Nd7 {[%clk 01:12:24]} {[%emt 00:00:07]} 32. Rxh7 {[%clk 01:01:26]}
{[%emt 00:00:29]} a6 {[%clk 01:12:34]} {[%emt 00:00:08]} 33. Rg7 {[%clk
01:01:36]} {[%emt 00:00:17]} Kc7 {[%clk 01:13:00]} {[%emt 00:00:30]} 34. Rxg6
{[%clk 01:01:56]} {[%emt 00:00:11]} Kc8 {[%clk 01:13:27]} 35. h4 {[%clk
01:01:50]} {[%emt 00:00:14]} c5 {[%clk 01:13:49]} {[%emt 00:00:14]} 36. Rg8+
{[%clk 01:02:07]} {[%emt 00:00:22]} Kc7 {[%clk 01:14:04]} {[%emt 00:00:06]} 37.
Rg7 {[%clk 01:02:23]} {[%emt 00:00:08]} Kc6 {[%clk 01:14:28]} {[%emt 00:00:32]}
38. Rxd7 {[%clk 01:02:43]} {[%emt 00:00:05]} Kxd7 {[%clk 01:14:55]} 39. h5
{[%clk 01:02:45]} {[%emt 00:00:10]} cxd4 {[%clk 01:15:19]} {[%emt 00:00:18]} 40.
cxd4 {[%clk 01:03:07]} Ke7 {[%clk 01:15:27]} {[%emt 00:00:21]} 41. h6 {[%clk
01:03:15]} {[%emt 00:00:44]} Kf6 {[%clk 01:15:38]} {[%emt 00:00:06]} 42. g4
{[%clk 01:03:30]} {[%emt 00:00:08]} Kg6 {[%clk 01:16:01]} {[%emt 00:00:06]} 43.
g5 {[%clk 01:03:57]} {[%emt 00:00:15]} b5 {[%clk 01:16:23]} 44. Kf3 {[%clk
01:04:19]} {[%emt 00:00:03]} a5 {[%clk 01:16:38]} {[%emt 00:00:11]} 45. Kf4
{[%clk 01:04:41]} {[%emt 00:00:18]} a4 {[%clk 01:16:59]} 46. Ke5 {[%clk
01:04:51]} {[%emt 00:00:23]} b4 {[%clk 01:17:12]} {[%emt 00:00:13]} 47. Kxd5
{[%clk 01:05:14]} {[%emt 00:00:34]} b3 {[%clk 01:17:34]} {[%emt 00:00:06]} 48.
axb3 {[%clk 01:05:35]} axb3 {[%clk 01:18:00]} {[%emt 00:00:15]} 49. Kc4 {[%clk
01:05:56]} Kh7 {[%clk 01:18:23]} {[%emt 00:00:07]} 50. d5 {[%clk 01:06:18]} Kg6
{[%clk 01:18:47]} {[%emt 00:00:03]} 51. d6 {[%clk 01:06:42]} {[%emt 00:00:05]}
Kh7 {[%clk 01:18:37]} {[%emt 00:00:59]} 52. d7 {[%clk 01:07:04]} {[%emt
00:00:11]} Kg6 {[%clk 01:19:04]} 53. d8=Q {[%clk 01:07:27]} Kf5 {[%clk
01:19:32]} 54. h7 {[%clk 01:07:37]} {[%emt 00:00:05]} Ke4 {[%clk 01:19:54]}
{[%emt 00:00:33]} 55. h8=Q {[%clk 01:07:44]} {[%emt 00:00:09]} Ke3 {[%clk
01:20:15]} {[%emt 00:00:05]} 56. Qdd4+ {[%clk 01:07:53]} {[%emt 00:00:14]} Kf3
{[%clk 01:20:22]} {[%emt 00:00:49]} 57. Qh3+ {[%clk 01:08:11]} {[%emt
00:00:05]} Ke2 {[%clk 01:20:31]} {[%emt 00:00:06]} 58. Qdd3+ {[%clk 01:08:15]}
{[%emt 00:00:31]} Kf2 {[%clk 01:20:35]} {[%emt 00:00:17]} 59. Qhg3# {[%clk
01:08:42]} {[%emt 00:00:45]} 1-0

[Event "Terme Krka OPEN 2018"]
[Site "Otočec, Slovenia"]
[Date "2018.12.26"]
[Round "4.1"]
[White "Jelen, Igor"]
[Black "Brinovec, David"]
[Result "1-0"]
[WhiteElo "2328"]
[BlackElo "2223"]

1. d4 {[%clk 01:30:57]} {[%emt 00:00:05]} d5 {[%clk 01:30:51]} {[%emt
00:00:07]} 2. c4 {[%clk 01:31:20]} {[%emt 00:00:07]} e6 {[%clk 01:31:11]}
{[%emt 00:00:14]} 3. Nc3 {[%clk 01:31:38]} {[%emt 00:00:06]} c6 {[%clk
01:31:34]} {[%emt 00:00:04]} 4. Nf3 {[%clk 01:29:05]} {[%emt 00:03:03]} Nf6
{[%clk 01:31:10]} {[%emt 00:00:55]} 5. Bg5 {[%clk 01:27:29]} {[%emt 00:02:04]}
Nbd7 {[%clk 01:31:16]} {[%emt 00:00:40]} 6. cxd5 {[%clk 01:27:10]} {[%emt
00:00:34]} exd5 {[%clk 01:29:41]} {[%emt 00:02:13]} 7. e3 {[%clk 01:27:34]} Be7
{[%clk 01:29:00]} {[%emt 00:01:10]} 8. Bd3 {[%clk 01:27:28]} {[%emt 00:00:46]}
O-O {[%clk 01:28:37]} {[%emt 00:00:41]} 9. Qc2 {[%clk 01:25:28]} {[%emt
00:02:32]} Re8 {[%clk 01:28:28]} {[%emt 00:00:54]} 10. O-O {[%clk 01:25:38]}
{[%emt 00:00:06]} Nf8 {[%clk 01:22:01]} {[%emt 00:06:54]} 11. h3 {[%clk
01:25:57]} {[%emt 00:00:37]} Ng6 {[%clk 01:20:47]} {[%emt 00:01:20]} 12. Rab1
{[%clk 00:50:44]} {[%emt 00:35:43]} Be6 {[%clk 00:53:59]} {[%emt 00:27:19]} 13.
b4 {[%clk 00:48:24]} {[%emt 00:02:48]} Qc8 {[%clk 00:51:39]} {[%emt 00:02:52]}
14. b5 {[%clk 00:41:20]} {[%emt 00:07:33]} Bxh3 {[%clk 00:37:21]} {[%emt
00:14:50]} 15. Bxf6 {[%clk 00:30:11]} {[%emt 00:11:35]} Qg4 {[%clk 00:35:10]}
{[%emt 00:02:51]} 16. Ne1 {[%clk 00:30:07]} {[%emt 00:00:33]} gxf6 {[%clk
00:32:36]} {[%emt 00:02:58]} 17. f3 {[%clk 00:27:37]} {[%emt 00:03:00]} Qg3
{[%clk 00:24:08]} {[%emt 00:08:55]} 18. Ne2 {[%clk 00:27:08]} {[%emt 00:00:57]}
Qh4 {[%clk 00:22:17]} {[%emt 00:02:23]} 19. gxh3 {[%clk 00:24:00]} {[%emt
00:03:38]} Bd6 {[%clk 00:22:37]} {[%emt 00:00:18]} 20. Ng2 {[%clk 00:17:10]}
{[%emt 00:07:15]} Qxh3 {[%clk 00:23:00]} {[%emt 00:00:07]} 21. Bxg6 {[%clk
00:14:09]} {[%emt 00:03:30]} hxg6 {[%clk 00:22:15]} {[%emt 00:01:13]} 22. Kf2
{[%clk 00:13:45]} {[%emt 00:00:54]} Rxe3 {[%clk 00:20:31]} {[%emt 00:02:37]} 23.
Ng1 {[%clk 00:08:28]} {[%emt 00:05:28]} Qh6 {[%clk 00:18:06]} {[%emt 00:02:52]}
24. Nxe3 {[%clk 00:08:17]} {[%emt 00:00:44]} Re8 {[%clk 00:16:52]} {[%emt
00:01:40]} 25. Ng2 {[%clk 00:04:12]} {[%emt 00:04:35]} Qg5 {[%clk 00:17:07]}
{[%emt 00:00:39]} 26. Ne2 {[%clk 00:03:52]} {[%emt 00:00:24]} c5 {[%clk
00:17:00]} {[%emt 00:00:41]} 27. dxc5 {[%clk 00:03:32]} {[%emt 00:00:47]} Rc8
{[%clk 00:17:25]} {[%emt 00:00:11]} 28. c6 {[%clk 00:03:22]} {[%emt 00:00:34]}
b6 {[%clk 00:17:31]} {[%emt 00:00:29]} 29. Qd3 {[%clk 00:03:02]} {[%emt
00:00:45]} Re8 {[%clk 00:17:20]} {[%emt 00:01:06]} 30. Rfe1 {[%clk 00:02:44]}
{[%emt 00:00:23]} d4 {[%clk 00:16:32]} {[%emt 00:01:21]} 31. Kf1 {[%clk
00:02:28]} {[%emt 00:00:47]} Qh5 {[%clk 00:16:20]} {[%emt 00:00:40]} 32. Ng1
{[%clk 00:02:38]} {[%emt 00:00:17]} 1-0